| 000 | 00450 a2200181 4500 | ||
|---|---|---|---|
| 001 | 138044 | ||
| 020 | _a9781405087278 | ||
| 040 | _cLeonardo Da Vinci | ||
| 041 | _aInglês | ||
| 082 |
_a822.33 S527m _bS527m |
||
| 100 | _aSHAKESPEARE, William | ||
| 245 | _aA midsummer night's dream | ||
| 260 |
_bMacmillan Education _c2018 _aLondon |
||
| 300 | _a79 | ||
| 362 | _a20180000 | ||
| 697 |
_aLiteratura inglesa _aInglês - aprendizado |
||
| 942 | _cBK | ||
| 999 |
_c138044 _d138044 |
||